| 000 | 00762cab a2200193 4500 | ||
|---|---|---|---|
| 001 | ##L130332 | ||
| 008 | 050715n2005 000 0 eng u | ||
| 035 | _a(Sirsi) u130332 | ||
| 041 | 0 | _aeng | |
| 245 | 0 | 0 |
_aFocus 2 _bresidential development |
| 260 | _c2005 | ||
| 490 | 0 |
_aEstates Gazette _v(0527) 9th July 2005, 73-91(7) |
|
| 520 | _aExamines: energy conservation, and renewable energy sources in a residential setting with reference to PPS 22; how developers are dealing with the housing market slowdown; and the design of £60 000 homes. | ||
| 590 | _aIKA190705 | ||
| 650 | 2 | 4 | _aPLANNING POLICY STATEMENT 22 |
| 650 | 2 | 4 | _aDCLG DESIGN FOR MANUFACTURE COMPETITION |
| 690 | _aPROPERTY-RESIDENTIAL PROPERTY-RESIDENTIAL PROPERTY DEVELOPMENT | ||
| 942 | _n0 | ||
| 999 |
_c75558 _d75558 |
||